Obálka Náhled e-knihy:
PDF Epub
Pro půjčování e-knih musíte být přihlášeni.
Jak si půjčit online?

Slavné pražské mordy /

Straka, Hojer, Oplištil, Hepnarová, Fabiánová. Monstra v lidské podobě posedlá touhou zabíjet. A Vranská, Janatková, Pražáková, jejich oběti. Smutní hrdinové dvaceti stručných popisů nechvalně proslulých vražd spojených s hlavním městem Prahou, o kterých si však často povídali lidé po celé republice...

Celý popis

Uloženo v:
Série:Slavné pražské mordy, část 1
Hlavní autor: Kačánová, Jitka (Autor)
Médium: E-kniha
Jazyk:Czech
Vydáno: Praha : E-knihy jedou, 2021
Příbuzné jednotky:Z cyklu:: Slavné pražské mordy
Tagy:
Žádné tagy
LEADER 01488nam a22002417i 4500
001 311370
007 ta
008 260601s2021 xr ||||| |||| 00| 0 cze d
020 |a 9990003322067 
044 |a xr 
100 1 |a  Kačánová, Jitka  |4 aut 
245 1 0 |a Slavné pražské mordy /  |c  Kačánová, Jitka 
264 1 |a Praha :  |b E-knihy jedou,  |c 2021 
300 |a 1 online zdroj (95 stran) 
336 |a text  |b txt  |2 rdacontent 
337 |a bez média  |b n  |2 rdamedia 
338 |a online zdroj  |b cr  |2 rdacarrier 
520 2 |a Straka, Hojer, Oplištil, Hepnarová, Fabiánová. Monstra v lidské podobě posedlá touhou zabíjet. A Vranská, Janatková, Pražáková, jejich oběti. Smutní hrdinové dvaceti stručných popisů nechvalně proslulých vražd spojených s hlavním městem Prahou, o kterých si však často povídali lidé po celé republice. Příběhů, nad kterými se člověk může zamyslet, nakolik se podobná stvůra může ukrývat v každém z nás. 
787 0 8 |g 1  |i Z cyklu:  |t Slavné pražské mordy 
910 |a RBIT002 
998 |d 332206  |a https://core.palmknihy.cz/api/books/332206/cover?qwlo4g  |b https://core.palmknihy.cz/api/books/332206/cover/400?qwlo4g  |c https://core.palmknihy.cz/api/books/332206/cover/50?qwlo4g  |e   |g 95  |i 9990003322067  |j https://core.palmknihy.cz/api/books/332206/preview.epub  |k https://core.palmknihy.cz/api/books/332206/preview.pdf  |l   |q 49  |r 1  |s https://www.palmknihy.cz/kniha/332206  |t ebook  |y 2021  |z 1  |v Slavné pražské mordy  |w 1 
999 |d 311368